000 01254nam a2200241Ii 4500
003 JO-AjNU
005 20240624113704.0
008 230605s9999||||xx |||||||||||||| ||und||
040 _aJO-AjNU
_bara
_erda
_cJO-AjNU
041 _aara
050 1 4 _aHD7212.25 2022
100 1 _aالقضاة، معاذ احمد محمد
_eمعد
_965539
245 0 0 _aدور القيادة الرشيقة في تحقيق التميز المؤسسي في المؤسسة العامة للضمان الاجتماعي في الاردن = The Role of Agile Leadership in Achieving Institutional Excellence at social Securty Corporation in Jordan /
_cاعداد معاذ احمد محمد القضاة؛ اشراف بلال احمد مثاني
264 3 1 _a2022
300 _a105 ورقة
336 _atext
_btxt
_2rdacontent
337 _aunmediated
_bn
_2rdamedia
338 _avolume
_bnc
_2rdacarrier
500 _aرسالة جامعية ( اطروحة ماجستير) جامعة عجلون الوطنية: كلية ادارة الاعمال، تخصص ادارة اعمال،2022
650 4 _aالقيادة الادارية-مؤسسة الضمان الاجتماعي
_963812
700 1 _aالمثاني، بلال احمد
_965043
_eمشرف
942 _2lcc
_cTHS
999 _c32532
_d32532